000 00831nam a22001935i 4500
001 166030
003 ES-MaACL
005 20250726063043.0
008 050919s1882 it ab | |||||||| ||ita d
040 _aCAM
_bspa
_cCAM
100 1 _aTaramelli, Torquato,
_d1845-1922
_9224308
245 1 0 _aGeologia delle province venete con carte geologiche e profili
_b: memoria /
_cTorquato Taramelli.
260 _aRoma :
_b[s.n.],
_c1882 (
_fcoi Tipi del Salviucci)
300 _a236 p., [3] h. de map. dobles ;
_c30 cm.
594 _aPrecede al tit.: Reale Academia dei Lincei (Anno CCLXXIX 1881-82)
650 4 _aGeología-
_zVéneto.
_9157286
852 _aES-MaACL
_jT-896-F-1
_z-- Enc. hol., conservando la enc. original
_z-- Legado de Federico de Botella y de Hornos
_z-- Enc. en un vol .facticio
999 _c166030
_d166030